000 00540nam a2200181Ia 4500
001 22771
005 20260414150853.0
008 260414t2012||||xx |||||||||||||| ||spa||
041 _aESP
082 _a621.8
_bA53
100 _aAmé, Ricardo Mario
_eAUT
245 0 _aMecánica aplicada al diseño de los elementos de máquinas :
_btemas básicos de resistencia de materiales aplicables al diseño de árboles y ejes
260 _c2012
300 _a279 páginas :
_c\N
650 _aTCA
654 _aCET
942 _cLIB
_dJUS
_fJUS
_2ddc
_n
999 _c22771
_d22771